Computer dictionary and handbook (Record no. 11899)

MARC details
000 -LEADER
fixed length control field 00415nam a2200145Ia 4500
082 ## - DEWEY DECIMAL CLASSIFICATION NUMBER
Classification number RR 004.03 SIP-;
100 ## - MAIN ENTRY--AUTHOR NAME
Personal name Sippl, Charles J.
245 #0 - TITLE STATEMENT
Title Computer dictionary and handbook
260 ## - PUBLICATION, DISTRIBUTION, ETC. (IMPRINT)
Place of publication Bucks
Name of publisher W. Foulsham Publications
Year of publication 1967
300 ## - PHYSICAL DESCRIPTION
Number of Pages 766p.
504 ## - BIBLIOGRAPHY, ETC. NOTE
Bibliography, etc Includes appendix /Ref. book
650 ## - SUBJECT ADDED ENTRY--TOPICAL TERM
Topical Term Computer science - Handbooks, manuals, etc.
650 ## - SUBJECT ADDED ENTRY--TOPICAL TERM
Topical Term Computer - Dictionaries
942 ## - ADDED ENTRY ELEMENTS (KOHA)
Koha item type Books
Source of classification or shelving scheme Dewey Decimal Classification
Holdings
Withdrawn status Lost status Damaged status Not for loan Home library Current library Date acquired Full call number Accession Number Price effective from Koha item type
        NASSDOC Library NASSDOC Library 08/06/2004 RR 004.03 SIP-; 2726 18/04/2019 Books